000 00415nam a2200181Ia 4500
001 23731
005 20260414150956.0
008 260414t2007||||xx |||||||||||||| ||spa||
041 _aESP
082 _a700.482
_bP26
100 _aParedes, Eduardo (diseño)
_eAUT
245 0 _aLa fé
_b
260 _c2007
300 _aSin paginación
_c20 cm.
650 _aABD
654 _aCAU
942 _cLIB
_dJUS
_fJUS
_2ddc
_n
999 _c23731
_d23731